[Event "Bergamo op 13th"]
[Site "Bergamo"]
[Date "2014.07.20"]
[Round "5"]
[White "Capone, Nicola"]
[Black "Yin, Zining"]
[Result "1-0"]
[WhiteElo "2231"]
[BlackElo "2023"]
[PlyCount "73"]
[EventDate "2014.07.18"]
[EventType "swiss"]
[EventRounds "6"]
[EventCountry "ITA"]
[SourceTitle "CBM 161 Extra"]
[Source "ChessBase"]
[SourceDate "2014.08.29"]
[SourceVersion "1"]
[SourceVersionDate "2014.08.29"]
[SourceQuality "1"]

1. e4 d5 2. exd5 Qxd5 3. Nc3 Qa5 4. Bc4 Nf6 5. d3 c6 6. Bd2 Qc7 7. Qe2 Bg4 8. f3 Bd7 9. d4 e6 10. 0-0-0 Bd6 11. g3 0-0 12. Ne4 Nxe4 13. Qxe4 e5 14. Bc3 Re8 15. dxe5 Bxe5 16. Bxe5 Qxe5 17. Qxe5 Rxe5 18. f4 Re4 19. Bb3 Kf8 20. Nf3 Bg4 21. Rd8+ Ke7 22. Ng5 Kxd8 23. Nxe4 f6 24. Nd6 b6 25. Re1 Kd7 26. Ne8 Na6 27. Nxg7 Rf8 28. Be6+ Bxe6 29. Nxe6 Rf7 30. f5 Kd6 31. c3 Re7 32. Rd1+ Ke5 33. Nd4 Rc7 34. Re1+ Kd5 35. Re6 c5 36. Nb5 Rf7 37. c4+ 1-0

[Event "Scarborough CC-ch reserves U1700"]
[Site "Toronto"]
[Date "2009.03.05"]
[Round "2"]
[White "Yin, Zining"]
[Black "Xia, Linda"]
[Result "1-0"]
[WhiteElo "1368"]
[BlackElo "1541"]
[PlyCount "71"]
[EventDate "2009.02.26"]
[EventType "swiss"]
[EventRounds "9"]
[EventCountry "CAN"]
[SourceTitle "EXT 2011"]
[Source "ChessBase"]
[SourceDate "2010.11.26"]
[SourceVersion "1"]
[SourceVersionDate "2010.11.26"]
[SourceQuality "1"]

1. e4 e5 2. Nf3 Nf6 3. Nxe5 d6 4. Nf3 Nxe4 5. c3 Nf6 6. d4 Be7 7. Bd3 0-0 8. 0-0 c5 9. h3 a6 10. Re1 Re8 11. Nbd2 Nbd7 12. Ne4 b5 13. dxc5 dxc5 14. Bc2 Nf8 15. Be3 Ne6 16. Ng3 Bb7 17. Nf5 Qxd1 18. Nxe7+ Rxe7 19. Bxd1 Rd7 20. Be2 Rad8 21. Ne5 Rd5 22. Bf3 Rxe5 23. Bxb7 a5 24. Rad1 b4 25. Rxd8+ Nxd8 26. Ba6 bxc3 27. bxc3 Nd5 28. Rd1 Ne6 29. Bd2 Nec7 30. Bc4 a4 31. Rb1 h6 32. Rb8+ Kh7 33. Rd8 f5 34. f4 Re6 35. Bxd5 Nxd5 36. Rxd5 1-0